000 00367nam a2200121Ia 4500
008 230907s9999||||xx |||||||||||||| ||und||
082 _a363.73874
_bQUA
100 _aQuaschning, Volker,
_961752
245 0 _aRenewable energy and climate change /
260 _aWiley,
_bChichester, West Sussex, U.K. ; | Hoboken, N.J. :
_c2010
300 _axii, 308 p. :
942 _cBK
999 _c596387
_d596387